<?xml version="1.0" encoding="UTF-8"?>
<record
    xmlns:xsi="http://www.w3.org/2001/XMLSchema-instance"
    xsi:schemaLocation="http://www.loc.gov/MARC21/slim http://www.loc.gov/standards/marcxml/schema/MARC21slim.xsd"
    xmlns="http://www.loc.gov/MARC21/slim">

  <leader>00903nam a2200229 a 4500</leader>
  <controlfield tag="001">74184</controlfield>
  <controlfield tag="003">BD-RjUL</controlfield>
  <controlfield tag="005">20211209082517.0</controlfield>
  <controlfield tag="008">180318s2015    bg ||||| |||| 00| 0 ben d</controlfield>
  <datafield tag="020" ind1=" " ind2=" ">
    <subfield code="a">9789845062145</subfield>
    <subfield code="c">: 390.00</subfield>
  </datafield>
  <datafield tag="035" ind1=" " ind2=" ">
    <subfield code="a">(BD-RjUL)74402</subfield>
  </datafield>
  <datafield tag="040" ind1=" " ind2=" ">
    <subfield code="a">BD-RjUL</subfield>
    <subfield code="b">ben </subfield>
    <subfield code="c">BD-RjUL</subfield>
  </datafield>
  <datafield tag="041" ind1=" " ind2=" ">
    <subfield code="a">ben </subfield>
    <subfield code="a">ara</subfield>
  </datafield>
  <datafield tag="082" ind1=" " ind2=" ">
    <subfield code="2">23 </subfield>
    <subfield code="a">297.63 </subfield>
    <subfield code="b">AHN 2015</subfield>
  </datafield>
  <datafield tag="100" ind1="1" ind2=" ">
    <subfield code="a">&#x986;&#x9B9;&#x9AE;&#x9BE;&#x9A6;, &#x9AE;&#x9AE;&#x9A4;&#x9BE;&#x99C; &#x989;&#x9A6;&#x9A6;&#x9C0;&#x9A8;</subfield>
    <subfield code="9">169858</subfield>
  </datafield>
  <datafield tag="245" ind1="1" ind2="0">
    <subfield code="a">&#x9A8;&#x9AC;&#x9C0; &#x9AA;&#x9B0;&#x9BF;&#x99A;&#x9AF;&#x9BC; / </subfield>
    <subfield code="c">&#x9AE;&#x9BE;&#x993;&#x9B2;&#x9BE;&#x9A8;&#x9BE; &#x9AE;&#x9AE;&#x9A4;&#x9BE;&#x99C; &#x989;&#x9A6;&#x9A6;&#x9C0;&#x9A8; &#x986;&#x9B9;&#x9AE;&#x9BE;&#x9A6;, </subfield>
  </datafield>
  <datafield tag="260" ind1=" " ind2=" ">
    <subfield code="a">&#x9A2;&#x9BE;&#x995;&#x9BE; :</subfield>
    <subfield code="b">&#x9A6;&#x9BF; &#x987;&#x989;&#x9A8;&#x9BF;&#x9B0;&#x9CD;&#x9AD;&#x9BE;&#x9B8;&#x9BF;&#x99F;&#x9BF; &#x9AA;&#x9CD;&#x9B0;&#x9C7;&#x9B8; &#x9B2;&#x9BF;&#x9AE;&#x9BF;&#x99F;&#x9C7;&#x9A1;,</subfield>
    <subfield code="c">&#x9E8;&#x9E6;&#x9E7;&#x9EB;</subfield>
  </datafield>
  <datafield tag="300" ind1=" " ind2=" ">
    <subfield code="a">x, &#x9E7;&#x9EF;&#x9EC; &#x9AA;&#x9C3;. :</subfield>
    <subfield code="b">&#x99A;&#x9BF;&#x9A4;&#x9CD;&#x9B0; ;</subfield>
    <subfield code="c">&#x9E8;&#x9E8; &#x9B8;&#x9C7;&#x9AE;&#x9BF;. </subfield>
  </datafield>
  <datafield tag="600" ind1=" " ind2=" ">
    <subfield code="a">&#x9AE;&#x9C1;&#x9B9;&#x9BE;&#x9AE;&#x9CD;&#x9AE;&#x9A6;,</subfield>
    <subfield code="c">&#x9A8;&#x9AC;&#x9C0;</subfield>
    <subfield code="d">&#x9EC;&#x9E9;&#x9E8; </subfield>
    <subfield code="9">220632</subfield>
  </datafield>
  <datafield tag="600" ind1=" " ind2=" ">
    <subfield code="a">Mu&#x1E25;ammad,</subfield>
    <subfield code="c">Prophet,</subfield>
    <subfield code="d">632.</subfield>
    <subfield code="9">220633</subfield>
  </datafield>
  <datafield tag="942" ind1=" " ind2=" ">
    <subfield code="2">ddc</subfield>
    <subfield code="c">BK</subfield>
  </datafield>
  <datafield tag="999" ind1=" " ind2=" ">
    <subfield code="c">74184</subfield>
    <subfield code="d">74184</subfield>
  </datafield>
  <datafield tag="952" ind1=" " ind2=" ">
    <subfield code="0">0</subfield>
    <subfield code="1">0</subfield>
    <subfield code="2">ddc</subfield>
    <subfield code="4">0</subfield>
    <subfield code="7">1</subfield>
    <subfield code="8">NFIC</subfield>
    <subfield code="a">RUCL</subfield>
    <subfield code="b">RUCL</subfield>
    <subfield code="c">Reading</subfield>
    <subfield code="d">2017-03-30</subfield>
    <subfield code="e">Biddashagor, Rajshahi</subfield>
    <subfield code="g">390.00</subfield>
    <subfield code="l">0</subfield>
    <subfield code="o">B 297.63 AHN 2015</subfield>
    <subfield code="r">2018-03-18 00:00:00</subfield>
    <subfield code="t">C-1</subfield>
    <subfield code="w">2021-12-09</subfield>
    <subfield code="y">BK</subfield>
  </datafield>
  <datafield tag="952" ind1=" " ind2=" ">
    <subfield code="0">0</subfield>
    <subfield code="1">0</subfield>
    <subfield code="2">ddc</subfield>
    <subfield code="4">0</subfield>
    <subfield code="7">0</subfield>
    <subfield code="8">NFIC</subfield>
    <subfield code="a">RUCL</subfield>
    <subfield code="b">RUCL</subfield>
    <subfield code="c">Stack</subfield>
    <subfield code="d">2017-03-30</subfield>
    <subfield code="e">Biddashagor, Rajshahi</subfield>
    <subfield code="g">390.00</subfield>
    <subfield code="l">2</subfield>
    <subfield code="o">B 297.63 AHN 2015</subfield>
    <subfield code="r">2021-12-20 00:00:00</subfield>
    <subfield code="s">2021-12-17</subfield>
    <subfield code="t">C-2</subfield>
    <subfield code="w">2018-03-18</subfield>
    <subfield code="y">BK</subfield>
  </datafield>
  <datafield tag="952" ind1=" " ind2=" ">
    <subfield code="0">0</subfield>
    <subfield code="1">0</subfield>
    <subfield code="2">ddc</subfield>
    <subfield code="4">0</subfield>
    <subfield code="7">0</subfield>
    <subfield code="8">NFIC</subfield>
    <subfield code="a">RUCL</subfield>
    <subfield code="b">RUCL</subfield>
    <subfield code="c">Stack</subfield>
    <subfield code="d">2017-03-30</subfield>
    <subfield code="e">Biddashagor, Rajshahi</subfield>
    <subfield code="g">390.00</subfield>
    <subfield code="l">0</subfield>
    <subfield code="o">B 297.63 AHN 2015</subfield>
    <subfield code="r">2018-03-18 00:00:00</subfield>
    <subfield code="t">C-3</subfield>
    <subfield code="w">2018-03-18</subfield>
    <subfield code="y">BK</subfield>
  </datafield>
</record>
